[Event "zonal 1.8"]
[Site "Mykolaiv  UKR"]
[Date "1995.03.??"]
[Round "10"]
[White "Komliakov, Viktor"]
[Black "Borovikov, Vladislav"]
[Result "1/2-1/2"]
[WhiteElo "2535"]
[BlackElo "2485"]
[EventDate "1995.03.17"]
[PlyCount "27"]

1.e4 e6 2.d3 c5 3.Nf3 Nc6 4.g3 d5 5.Nbd2 g6 6.Bg2 Bg7 7.O-O Nge7 8.Re1 b6 
9.h4 h6 10.c3 a5 11.a4 Ba6 12.Nf1 d4 13.c4 e5 14.Bh3 1/2-1/2

[Event "zonal 1.8"]
[Site "Mykolaiv  UKR"]
[Date "1995.03.??"]
[Round "10"]
[White "Kochetkov, German"]
[Black "Milov, Leonid"]
[Result "1/2-1/2"]
[WhiteElo "2465"]
[BlackElo "2525"]
[EventDate "1995.03.17"]
[PlyCount "51"]

1.e4 c5 2.Nf3 e6 3.d3 d5 4.Nbd2 Nc6 5.g3 Nf6 6.Bg2 Be7 7.O-O b5 8.exd5 
exd5 9.d4 c4 10.a4 Be6 11.Re1 b4 12.Ne5 Rc8 13.Bh3 Rc7 14.Ndf3 Bc8 15.Ng5 
O-O 16.Bf4 h6 17.Ngxf7 Rxf7 18.Nxf7 Kxf7 19.Bxc7 Qxc7 20.Bxc8 Qxc8 21.Re3 
Qh3 22.c3 Ng4 23.Qf3+ Ke8 24.Re6 Qxh2+ 25.Kf1 Qh5 26.Kg2 1/2-1/2

[Event "zonal 1.8"]
[Site "Mykolaiv  UKR"]
[Date "1995.03.??"]
[Round "11"]
[White "Golubev, Mikhail"]
[Black "Kochetkov, German"]
[Result "1-0"]
[WhiteElo "2570"]
[BlackElo "2465"]
[EventDate "1995.03.17"]
[PlyCount "47"]

1.e4 g6 2.d4 Bg7 3.c4 c5 4.d5 d6 5.Nc3 Nf6 6.Bd3 O-O 7.h3 a6 8.a4 e6 9.Nf3
exd5 10.exd5 Re8+ 11.Be3 Bh6 12.O-O Bxe3 13.fxe3 Qe7 14.e4 Nbd7 15.Qd2 Ne5
16.Nxe5 Qxe5 17.Rf3 Nd7 18.Raf1 Qd4+ 19.Kh1 Ne5 20.Rg3 Nxc4 21.Qh6 Nxb2 
22.e5 Nxd3 23.Rxf7 Nf2+ 24.Kh2 1-0

[Event "zonal 1.8"]
[Site "Mykolaiv  UKR"]
[Date "1995.03.??"]
[Round "11"]
[White "Guliev, Sarkhan"]
[Black "Frolov, Artur"]
[Result "1/2-1/2"]
[WhiteElo "2470"]
[BlackElo "2545"]
[EventDate "1995.03.17"]
[PlyCount "24"]

1.d4 Nf6 2.c4 g6 3.Nc3 Bg7 4.Nf3 O-O 5.g3 c6 6.Bg2 d5 7.cxd5 cxd5 8.Ne5 e6
9.O-O Nfd7 10.Nxd7 Bxd7 11.b3 Nc6 12.e3 a5 1/2-1/2

[Event "zonal 1.8"]
[Site "Mykolaiv  UKR"]
[Date "1995.03.??"]
[Round "11"]
[White "Milov, Leonid"]
[Black "Koutsin, Serhiy"]
[Result "1/2-1/2"]
[WhiteElo "2525"]
[BlackElo "2435"]
[EventDate "1995.03.17"]
[PlyCount "39"]

1.e4 e6 2.d4 d5 3.Nd2 Nf6 4.e5 Nfd7 5.c3 c5 6.Ndf3 Nc6 7.Ne2 b5 8.dxc5 
Bxc5 9.Bf4 b4 10.Ned4 Qb6 11.Rc1 bxc3 12.bxc3 Nxd4 13.cxd4 Bb4+ 14.Bd2 
Bxd2+ 15.Qxd2 O-O 16.Bd3 Ba6 17.O-O Bxd3 18.Qxd3 Rfc8 19.Ng5 Nf8 20.Rb1 
1/2-1/2

[Event "zonal 1.8"]
[Site "Mykolaiv  UKR"]
[Date "1995.03.??"]
[Round "11"]
[White "Rogozenko, Dorian"]
[Black "Ovseevich, Sergei"]
[Result "0-1"]
[WhiteElo "2440"]
[BlackElo "2370"]
[EventDate "1995.03.17"]
[PlyCount "74"]

1.d4 Nf6 2.c4 g6 3.Nc3 Bg7 4.e4 d6 5.Be2 O-O 6.Bg5 Nbd7 7.Qd2 c6 8.f3 a6 
9.g4 b5 10.h4 c5 11.dxc5 Nxc5 12.h5 Be6 13.Nh3 Qa5 14.Rb1 b4 15.Nd5 Bxd5 
16.exd5 Qxa2 17.O-O Nb3 18.Qxb4 Rab8 19.Qa3 Qxa3 20.bxa3 gxh5 21.gxh5 h6 
22.Be3 Nxh5 23.Kg2 Nc5 24.Rh1 Na4 25.Rb4 Nc3 26.Bd3 a5 27.Rxb8 Rxb8 28.Nf2
Nf6 29.Bd2 Rb3 30.a4 Nd7 31.Bxc3 Bxc3 32.Bf5 Nb6 33.Rxh6 Rb2 34.Kf1 Nxc4 
35.Bh3 Kg7 36.Rh4 Ne3+ 37.Kg1 Be1 0-1